| 000 | 00672nam a22001697a 4500 | ||
|---|---|---|---|
| 003 | AUA.1 | ||
| 005 | 20251028165102.0 | ||
| 008 | 250630b |||||||| |||| 00| 0 eng d | ||
| 040 | _cJTL | ||
| 100 | _aMwamfwagasi, Neema S. | ||
| 245 |
_aBeyond passive participation : _bfactors impacting leadership in church ministry among Adventist women in the South eEast Tanzania Conference, Dar es Salaam, Tanzania / _cNeema S. Mwamfwagasi. |
||
| 260 | _cc2023 | ||
| 300 |
_ax, 100 leaves : _bIllustrations _c30 cm |
||
| 610 |
_aSeventh-day Adventist Church : _bSouth East Tanzania Conference |
||
| 650 | _aLeadership in women | ||
| 942 |
_2aua _cPROJECT _hMDiv _i.M73 2023 |
||
| 999 |
_c25100 _d25100 |
||